| 000 | 00642nam a2200205 a 4500 | ||
|---|---|---|---|
| 005 | 20140310183527.0 | ||
| 008 | 110817s19uu xx 00 eng d | ||
| 020 | _a9781412970969 | ||
| 050 |
_aLB 1027.55 _b.C68 2009 |
||
| 100 | _aCooley, Leslie | ||
| 245 |
_aThe power of groups : _bsolution -focused group counseling in schools / _cLeslie Cooley. |
||
| 260 |
_aCalifornia : _bCorwin Press, _c2009. |
||
| 300 |
_a177 p. : _c23 cm. |
||
| 500 | _aIt includes bibliographical reference and index. | ||
| 521 | _aEDU | ||
| 650 | _aGroup guiadance in education. | ||
| 650 | _aSchool psychology. | ||
| 942 |
_cBK _2lcc _kFOR |
||
| 999 |
_c24544 _d24544 |
||